000
00234 a2200097 4500
001
1000
100
_a
Freeman,P.J.
245
_a
Worked examples in alternating current for engg student
260
_a
_b
Macdonald
_c
090
_c
573
_d
573
942
_a
NUST-CAE
_c
M
_c
32189
999
_c
236073
_d
236073